Closest Capitals To An International Border - Statistics

General Stats
  • This quiz has been taken 12 times
  • The average score is 12 of 30
Answer Stats
Answer % Correct
Vatican City
100%
San Marino
89%
Singapore
78%
Luxembourg
67%
Benin
56%
Gambia
56%
Israel
56%
Togo
56%
Armenia
44%
DR Congo
44%
Eswatini
44%
Italy
44%
Lesotho
44%
Liechtenstein
44%
Macedonia
44%
Slovakia
44%
Brunei
33%
Croatia
33%
Djibouti
33%
Montenegro
33%
Rep. Of Congo
33%
Uzbekistan
33%
Botswana
22%
Burundi
22%
Chad
22%
Kyrgyzstan
22%
Syria
22%
Central African Republic
11%
Laos
11%
Paraguay
0%
No matching quizzes found
Score Distribution
Percent of People with Each Score
Percentile by Number Answered
Your Score History
You have not taken this quiz